Učitavanje...

Decision support system

Bibliografski detalji
Glavni autor: Jayashankar, R
Format: Printed Book
Jezik:Undetermined
English
Izdano: New Delhi Tata Mc Graw -Hill Publishing Company Limited 1989
Teme:
LEADER 00606nam a2200193Ia 4500
008 140306s9999 xx 000 0 und d
020 |a 007460175x 
041 |a eng 
082 |a 658.4035  |b JAY/DE 
100 |a Jayashankar, R 
245 |a Decision support system 
260 |a New Delhi  |b Tata Mc Graw -Hill Publishing Company Limited  |c 1989 
300 |a 336 
365 |b Rs. 150 
650 |a Capital budgeting 
650 |a Management 
942 |2 ddc  |c BK 
999 |c 178891  |d 178891 
952 |0 0  |1 0  |2 ddc  |4 0  |6 658_403500000000000_JAY_DE  |7 0  |9 183949  |a KAUCBV  |b KAUCBV  |g 150.00  |o 658.4035 JAY/DE  |r 2014-03-22  |w 2014-03-22  |y BK